| 000 | 00552nam a2200205Ia 4500 | ||
|---|---|---|---|
| 005 | 20250923145404.0 | ||
| 008 | 008 250917s9999 xx 000 0 eng d | ||
| 037 | _aTextual | ||
| 040 |
_aDSWL _beng _cDSWL |
||
| 041 |
_aeng _2eng |
||
| 084 |
_azG, N68 _qDSWL |
||
| 100 |
_aGhosh, P.C. _9834792 |
||
| 245 | 0 |
_aMahatma Gandhi as I saw him _c by P.C. Ghosh |
|
| 260 |
_aDelhi _bS. Chand & co. _c1968 |
||
| 300 | _axxv,236 p. | ||
| 365 |
_aINR _b36 . 0 |
||
| 925 | _g36 . 0 | ||
| 942 |
_cTEXL _hzG, N68 |
||
| 999 |
_c1450782 _d1450782 |
||